[Event "Oberliga Nord W 1112"]
[Site "Germany"]
[Date "2012.02.26"]
[Round "7.1"]
[White "Guennigmann, Manuel"]
[Black "Gisbrecht, Ewgeni"]
[Result "1/2-1/2"]
[WhiteElo "2160"]
[BlackElo "2415"]
[PlyCount "28"]
[EventDate "2011.10.02"]
[EventType "team-tourn"]
[EventRounds "9"]
[EventCountry "GER"]
[SourceTitle "EXT 2013"]
[Source "ChessBase"]
[SourceDate "2012.11.22"]
[SourceVersion "1"]
[SourceVersionDate "2012.11.22"]
[SourceQuality "1"]
[WhiteTeam "Stade"]
[BlackTeam "Delmenhorst"]
[WhiteTeamCountry "GER"]
[BlackTeamCountry "GER"]

1. e4 c6 2. d4 d5 3. Nc3 dxe4 4. Nxe4 Bf5 5. Ng3 Bg6 6. Bc4 e6 7. N1e2 Bd6 8. h4 h6 9. Nf4 Bxf4 10. Bxf4 Nf6 11. Qe2 0-0 12. h5 Bh7 13. 0-0-0 Nbd7 14. Kb1 a5 1/2-1/2

[Event "Oberliga Nord W 1112"]
[Site "Germany"]
[Date "2012.02.05"]
[Round "6.1"]
[White "Gisbrecht, Ewgeni"]
[Black "Mueller, Fabian"]
[Result "1/2-1/2"]
[WhiteElo "2415"]
[BlackElo "2314"]
[PlyCount "55"]
[EventDate "2011.10.02"]
[EventType "team-tourn"]
[EventRounds "9"]
[EventCountry "GER"]
[SourceTitle "EXT 2013"]
[Source "ChessBase"]
[SourceDate "2012.11.22"]
[SourceVersion "1"]
[SourceVersionDate "2012.11.22"]
[SourceQuality "1"]
[WhiteTeam "Delmenhorst"]
[BlackTeam "Salzgitter"]
[WhiteTeamCountry "GER"]
[BlackTeamCountry "GER"]

1. Nf3 Nf6 2. g3 b6 3. Bg2 Bb7 4. 0-0 e6 5. c4 Be7 6. b3 0-0 7. Bb2 d5 8. cxd5 exd5 9. d4 Nbd7 10. Nc3 c5 11. Rc1 Re8 12. e3 Bf8 13. dxc5 Nxc5 14. Re1 Qd7 15. b4 Nce4 16. a3 a5 17. Nxe4 dxe4 18. Qxd7 Nxd7 19. Rc7 exf3 20. Rxb7 fxg2 21. Rxd7 axb4 22. axb4 Bxb4 23. Rb1 Bc5 24. Bd4 Red8 25. Rxd8+ Rxd8 26. Kxg2 Bxd4 27. exd4 Rxd4 28. Rxb6 1/2-1/2

[Event "BL2-Nord 0910"]
[Site "Germany"]
[Date "2009.11.28"]
[Round "5.2"]
[White "Zimmermann, Julian"]
[Black "Gisbrecht, Ewgeni"]
[Result "1-0"]
[WhiteElo "2280"]
[BlackElo "2422"]
[PlyCount "53"]
[EventDate "2009.10.18"]
[EventType "team-tourn"]
[EventRounds "9"]
[EventCountry "GER"]
[SourceTitle "EXT 2011"]
[Source "ChessBase"]
[SourceDate "2010.11.26"]
[SourceVersion "1"]
[SourceVersionDate "2010.11.26"]
[SourceQuality "1"]
[WhiteTeam "Koenigsspringer"]
[BlackTeam "Delmenhorst"]
[WhiteTeamCountry "GER"]
[BlackTeamCountry "GER"]

1. e4 c5 2. Nf3 Nf6 3. e5 Nd5 4. d4 cxd4 5. c3 Nc6 6. cxd4 d6 7. Bc4 e6 8. 0-0 Be7 9. exd6 Qxd6 10. Nc3 Nxc3 11. bxc3 0-0 12. Re1 b6 13. Ng5 h6 14. Ne4 Qc7 15. Bd3 Na5 16. Qh5 f5 17. Bxh6 fxe4 18. Bxg7 Kxg7 19. Rxe4 Rf4 20. Re3 e5 21. Rg3+ Rg4 22. Rxg4+ Bxg4 23. Qxg4+ Kh8 24. Qh5+ Kg7 25. Qh7+ Kf8 26. Qh8+ Kf7 27. Qxa8 1-0

[Event "Oberliga Nord W 0708"]
[Site "Germany"]
[Date "2008.02.10"]
[Round "6.2"]
[White "Hauschild, Andreas"]
[Black "Gisbrecht, Ewgeni"]
[Result "0-1"]
[WhiteElo "2278"]
[BlackElo "2433"]
[PlyCount "72"]
[EventDate "2007.10.21"]
[EventType "team-tourn"]
[EventRounds "9"]
[EventCountry "GER"]
[SourceTitle "EXT 2009"]
[Source "ChessBase"]
[SourceDate "2008.11.26"]
[SourceVersion "1"]
[SourceVersionDate "2008.11.26"]
[SourceQuality "1"]
[WhiteTeam "Uelzen Post"]
[BlackTeam "Delmenhorst"]
[WhiteTeamCountry "GER"]
[BlackTeamCountry "GER"]

1. d4 d5 2. c4 c6 3. Nf3 Nf6 4. Qc2 g6 5. Bf4 Bf5 6. Qb3 Qb6 7. Nbd2 Nbd7 8. h3 Bg7 9. e3 Ne4 10. g4 Nxd2 11. Nxd2 Be6 12. Be2 dxc4 13. Qxb6 axb6 14. Bxc4 Bxc4 15. Nxc4 b5 16. Nd2 e5 17. dxe5 Nxe5 18. Ke2 Nc4 19. a4 Nxd2 20. Kxd2 bxa4 21. Kc2 Ke7 22. Rhd1 Rhd8 23. Rxd8 Kxd8 24. e4 Ra5 25. Rd1+ Kc8 26. Rd3 Rb5 27. Bc1 Rc5+ 28. Kb1 Re5 29. f3 Rb5 30. Ka2 Rc5 31. Kb1 Rc4 32. g5 b5 33. Re3 Kd7 34. f4 Ke6 35. e5 Rxf4 36. Rd3 Rc4 0-1

[Event "Oberliga Nord W 0708"]
[Site "Germany"]
[Date "2007.11.04"]
[Round "2.2"]
[White "Gisbrecht, Ewgeni"]
[Black "Krajina, Davor"]
[Result "1/2-1/2"]
[WhiteElo "2433"]
[BlackElo "2274"]
[PlyCount "74"]
[EventDate "2007.10.21"]
[EventType "team-tourn"]
[EventRounds "9"]
[EventCountry "GER"]
[SourceTitle "EXT 2009"]
[Source "ChessBase"]
[SourceDate "2008.11.26"]
[SourceVersion "1"]
[SourceVersionDate "2008.11.26"]
[SourceQuality "1"]
[WhiteTeam "Delmenhorst"]
[BlackTeam "Bremen"]
[WhiteTeamCountry "GER"]
[BlackTeamCountry "GER"]

1. Nf3 d5 2. c4 c6 3. d4 Nf6 4. Qc2 g6 5. Qb3 Bg7 6. g3 Nbd7 7. Bg2 dxc4 8. Qxc4 Nb6 9. Qb3 Bg4 10. Nbd2 0-0 11. 0-0 Qc8 12. a4 Be6 13. Qc2 Bh3 14. b3 Bxg2 15. Kxg2 Nbd5 16. Ba3 Re8 17. h3 Nh5 18. e3 Bh6 19. Rfe1 f5 20. Nc4 Rf8 21. Nce5 Bg7 22. b4 a6 23. Qb3 Qe6 24. Rab1 Rac8 25. b5 axb5 26. axb5 Bxe5 27. Nxe5 Kg7 28. bxc6 bxc6 29. Rec1 Rb8 30. Qc4 Rxb1 31. Rxb1 f4 32. Qxc6 Qxc6 33. Nxc6 fxg3 34. Rf1 gxf2 35. Rxf2 Nxe3+ 36. Kg1 Rxf2 37. Kxf2 Nf5 1/2-1/2

[Event "Bundesliga 0304"]
[Site "Germany"]
[Date "2004.04.25"]
[Round "15.8"]
[White "Gisbrecht, Ewgeni"]
[Black "Van den Doel, Erik"]
[Result "1/2-1/2"]
[WhiteElo "2441"]
[BlackElo "2609"]
[PlyCount "34"]
[EventDate "2003.11.01"]
[EventType "team-tourn"]
[EventRounds "15"]
[EventCountry "GER"]
[SourceTitle "CBM 101"]
[Source "ChessBase"]
[SourceDate "2004.07.27"]
[SourceVersion "1"]
[SourceVersionDate "2004.07.27"]
[SourceQuality "1"]
[WhiteTeam "Bremer SG"]
[BlackTeam "Koeln Porz"]
[WhiteTeamCountry "GER"]
[BlackTeamCountry "GER"]

1. Nf3 d5 2. g3 Nf6 3. Bg2 e6 4. 0-0 Be7 5. b3 a5 6. a3 0-0 7. Bb2 b5 8. c4 c6 9. d3 Nbd7 10. Nbd2 Ba6 11. Qc2 Qb6 12. Rab1 Qb8 13. Nd4 Rc8 14. e4 Bf8 15. N4f3 dxe4 16. dxe4 e5 17. Ne1 Re8 1/2-1/2

[Event "Bundesliga 0304"]
[Site "Germany"]
[Date "2004.04.24"]
[Round "14.8"]
[White "Meyer, Falko"]
[Black "Gisbrecht, Ewgeni"]
[Result "1-0"]
[WhiteElo "2348"]
[BlackElo "2441"]
[PlyCount "83"]
[EventDate "2003.11.01"]
[EventType "team-tourn"]
[EventRounds "15"]
[EventCountry "GER"]
[SourceTitle "CBM 101"]
[Source "ChessBase"]
[SourceDate "2004.07.27"]
[SourceVersion "1"]
[SourceVersionDate "2004.07.27"]
[SourceQuality "1"]
[WhiteTeam "Katernberg"]
[BlackTeam "Bremer SG"]
[WhiteTeamCountry "GER"]
[BlackTeamCountry "GER"]

1. e4 c5 2. Nf3 Nf6 3. e5 Nd5 4. Nc3 Nxc3 5. dxc3 Nc6 6. Bf4 e6 7. Qd2 Qc7 8. 0-0-0 b6 9. h4 h6 10. Bh2 Bb7 11. Qf4 f5 12. g4 g6 13. gxf5 gxf5 14. Rg1 0-0-0 15. Be2 Rh7 16. Kb1 Rg7 17. Qe3 Ne7 18. Rxg7 Bxg7 19. Nd2 Bd5 20. Bf3 Qc6 21. Rg1 Rg8 22. Be2 Qc7 23. b3 Qd8 24. Bf4 Bf8 25. Rg3 Bc6 26. Ba6+ Kb8 27. Bxh6 Rxg3 28. fxg3 Nd5 29. Qg5 Be7 30. Qg7 f4 31. gxf4 Bxh4 32. Kb2 Ne3 33. Be2 Nf5 34. Qg6 b5 35. Bg5 Qa5 36. Qe8+ Kb7 37. Bf3 Qc7 38. Bxh4 Nxh4 39. Be4 b4 40. Bxc6+ Kxc6 41. cxb4 cxb4 42. Qe7 1-0

[Event "Bundesliga 0304"]
[Site "Germany"]
[Date "2003.12.14"]
[Round "6.8"]
[White "Buhmann, Rainer"]
[Black "Gisbrecht, Ewgeni"]
[Result "1-0"]
[WhiteElo "2532"]
[BlackElo "2441"]
[PlyCount "169"]
[EventDate "2003.11.01"]
[EventType "team-tourn"]
[EventRounds "15"]
[EventCountry "GER"]
[SourceTitle "CBM 099"]
[Source "ChessBase"]
[SourceDate "2004.03.30"]
[SourceVersion "1"]
[SourceVersionDate "2004.03.30"]
[SourceQuality "1"]
[WhiteTeam "Baden Oos"]
[BlackTeam "Bremer SG"]
[WhiteTeamCountry "GER"]
[BlackTeamCountry "GER"]

1. Nf3 d5 2. d4 c6 3. c4 Nf6 4. e3 a6 5. Nc3 b5 6. cxd5 cxd5 7. Ne5 e6 8. Be2 Be7 9. Bd2 0-0 10. 0-0 Bb7 11. Nd3 Nbd7 12. b4 Nb6 13. a4 Ne4 14. axb5 Nxc3 15. Bxc3 axb5 16. Nc5 Bc6 17. Rxa8 Qxa8 18. Qc2 Qb8 19. Ra1 Qc7 20. Ra6 Rb8 21. Ra5 Ra8 22. Rxa8+ Nxa8 23. Qa2 Qb6 24. Be1 Nc7 25. f3 Ne8 26. Qa5 Bd8 27. Qxb6 Bxb6 28. Bg3 Kf8 29. Na6 Ba7 30. Bd3 h6 31. Kf2 Ke7 32. Nb8 Bxb8 33. Bxb8 Nd6 34. g4 Nc4 35. Ba7 g6 36. Bc5+ Ke8 37. h4 e5 38. dxe5 Nxe5 39. Be2 f6 40. Kg3 Kf7 41. Bd4 Be8 42. Bd1 Ke6 43. Bb3 Nc4 44. Bc2 Na3 45. Bd3 Nc4 46. Bc5 Ne5 47. Bf1 Nc4 48. Bh3 Kf7 49. h5 Bd7 50. Bf1 Ne5 51. Bd4 gxh5 52. gxh5 Nc4 53. Kf4 Kg7 54. Bd3 Be8 55. Bf5 Bxh5 56. Bd7 Nd6 57. Bc6 Be8 58. Bxd5 Bd7 59. e4 Nc4 60. Kg3 Kg6 61. f4 Be8 62. Kg4 Bd7+ 63. Kf3 Nd6 64. Bc5 Ne8 65. f5+ Kg7 66. Kf4 Nc7 67. Bb3 Bc6 68. Bd1 Kf7 69. Bh5+ Kg7 70. Bd6 Ne8 71. Be7 Nc7 72. Bd8 Be8 73. Be2 Na6 74. Be7 Nc7 75. Ke3 Bc6 76. Bh5 Be8 77. Bf3 Bf7 78. Kd4 Bc4 79. Kc5 Ne8 80. Bh5 Bf7 81. Be2 Bc4 82. Bxc4 bxc4 83. Kxc4 Kf7 84. Bc5 Ng7 85. Kd5 1-0

[Event "Bundesliga 0304"]
[Site "Germany"]
[Date "2003.11.23"]
[Round "4.8"]
[White "Thiel, Thomas"]
[Black "Gisbrecht, Ewgeni"]
[Result "1/2-1/2"]
[WhiteElo "2303"]
[BlackElo "2441"]
[PlyCount "61"]
[EventDate "2003.11.01"]
[EventType "team-tourn"]
[EventRounds "15"]
[EventCountry "GER"]
[SourceTitle "CBM 097 Extra"]
[Source "ChessBase"]
[SourceDate "2004.01.13"]
[SourceVersion "1"]
[SourceVersionDate "2004.01.13"]
[SourceQuality "1"]
[WhiteTeam "Wattenscheid"]
[BlackTeam "Bremer SG"]
[WhiteTeamCountry "GER"]
[BlackTeamCountry "GER"]

1. e4 c5 2. Nc3 Nc6 3. Bb5 g6 4. Bxc6 bxc6 5. f4 Bg7 6. Nf3 d6 7. 0-0 Nf6 8. d3 0-0 9. Qe1 Rb8 10. b3 Bg4 11. Bd2 Nd7 12. f5 e6 13. Bg5 Qa5 14. f6 Nxf6 15. Bxf6 Bxf6 16. Nd5 Qd8 17. Nxf6+ Qxf6 18. e5 Qd8 19. Nd2 Bf5 20. h3 h5 21. Qe3 dxe5 22. Qh6 Rb4 23. a3 Rf4 24. Rxf4 exf4 25. Nf3 Qf6 26. Re1 Qc3 27. Re5 f6 28. Rxf5 gxf5 29. Qg6+ Kh8 30. Qh6+ Kg8 31. Qg6+ 1/2-1/2

[Event "Bundesliga 0304"]
[Site "Germany"]
[Date "2003.11.22"]
[Round "3.8"]
[White "Gisbrecht, Ewgeni"]
[Black "Wegerle, Joerg"]
[Result "1-0"]
[WhiteElo "2441"]
[BlackElo "2382"]
[PlyCount "73"]
[EventDate "2003.11.01"]
[EventType "team-tourn"]
[EventRounds "15"]
[EventCountry "GER"]
[SourceTitle "CBM 097 Extra"]
[Source "ChessBase"]
[SourceDate "2004.01.13"]
[SourceVersion "1"]
[SourceVersionDate "2004.01.13"]
[SourceQuality "1"]
[WhiteTeam "Bremer SG"]
[BlackTeam "Solingen"]
[WhiteTeamCountry "GER"]
[BlackTeamCountry "GER"]

1. Nf3 d5 2. c4 e6 3. g3 Nf6 4. Bg2 dxc4 5. Qa4+ Nbd7 6. Qxc4 c5 7. 0-0 a6 8. Qc2 Bd6 9. d4 0-0 10. Nbd2 cxd4 11. Nxd4 Nb6 12. N2b3 Qe7 13. Bd2 e5 14. Nf5 Bxf5 15. Qxf5 Nc4 16. Bg5 Rab8 17. Rfd1 Rfd8 18. Nd2 Nxd2 19. Rxd2 Bb4 20. Rxd8+ Rxd8 21. Rc1 b6 22. Rc8 Bc5 23. Bxf6 gxf6 24. Be4 Kf8 25. Qxh7 Qd7 26. Rc6 Ke7 27. b4 Bxb4 28. Rxb6 Qd4 29. Rxa6 Rd6 30. Rxd6 Bxd6 31. Kg2 Qd2 32. a4 Bc5 33. Bd3 Qe1 34. Qf5 Bd4 35. e3 Bc5 36. h4 Qd2 37. Qe4 1-0

[Event "BL2-Nord 0203"]
[Site "Germany"]
[Date "2003.01.26"]
[Round "5.5"]
[White "Richert, Thomas"]
[Black "Gisbrecht, Ewgeni"]
[Result "1/2-1/2"]
[WhiteElo "2197"]
[BlackElo "2414"]
[PlyCount "78"]
[EventDate "2002.10.20"]
[EventType "team-tourn"]
[EventRounds "9"]
[EventCountry "GER"]
[SourceTitle "EXT 2004"]
[Source "ChessBase"]
[SourceDate "2003.11.25"]
[SourceVersion "1"]
[SourceVersionDate "2003.11.25"]
[SourceQuality "1"]
[WhiteTeam "Preetz"]
[BlackTeam "Bremer SG"]
[WhiteTeamCountry "GER"]
[BlackTeamCountry "GER"]

1. d4 d5 2. c4 c6 3. Nc3 Nf6 4. Nf3 a6 5. e3 b5 6. b3 Bg4 7. Be2 e6 8. 0-0 Be7 9. Bb2 Nbd7 10. Rc1 0-0 11. h3 Bh5 12. Ne5 Bxe2 13. Nxe2 Nxe5 14. dxe5 Nd7 15. Nd4 Nxe5 16. Nxe6 fxe6 17. Bxe5 Bd6 18. Qg4 Qd7 19. Bxg7 Rf5 20. Bb2+ Kf7 21. Qg7+ Ke8 22. Qg8+ Rf8 23. Qg4 Qf7 24. cxd5 cxd5 25. Qg7 Qxg7 26. Bxg7 Rg8 27. Bb2 Kd7 28. Rfd1 Rac8 29. Kf1 Rxc1 30. Rxc1 e5 31. g3 e4 32. Ke2 Rf8 33. Bg7 Rf7 34. Bd4 Rf8 35. Rc2 Rg8 36. Kf1 Rf8 37. Kg2 Rg8 38. Bf6 Rg6 39. Bd4 Rg8 1/2-1/2

[Event "GER-ch 74th"]
[Site "Saarbruecken"]
[Date "2002.11.29"]
[Round "8"]
[White "Gisbrecht, Ewgeni"]
[Black "Slobodjan, Roman"]
[Result "1/2-1/2"]
[WhiteElo "2414"]
[BlackElo "2521"]
[PlyCount "150"]
[EventDate "2002.11.22"]
[EventType "swiss"]
[EventRounds "9"]
[EventCountry "GER"]
[SourceTitle "CBM 093"]
[Source "ChessBase"]
[SourceDate "2003.04.01"]
[SourceVersion "1"]
[SourceVersionDate "2003.04.01"]
[SourceQuality "1"]

1. Nf3 g6 2. g3 Bg7 3. d4 Nf6 4. Bg2 c6 5. c4 0-0 6. 0-0 d6 7. Nc3 Qa5 8. h3 e5 9. e4 Nbd7 10. dxe5 Nxe5 11. Nxe5 dxe5 12. Qc2 Be6 13. b3 Nd7 14. Bd2 Qc7 15. Be3 Rae8 16. Rad1 f6 17. Na4 Rf7 18. Nc5 Nxc5 19. Bxc5 Qc8 20. Kh2 b6 21. Be3 c5 22. Rd6 Bf8 23. Rd2 Rd8 24. Rfd1 Rfd7 25. Rxd7 Rxd7 26. Rxd7 Qxd7 27. Qd2 Kf7 28. Qxd7+ Bxd7 29. Kg1 Bc6 30. Kf1 Ke6 31. Ke2 Kd6 32. Kd3 f5 33. f3 Be7 34. Bd2 Bf6 35. Be3 Bd7 36. Bd2 h5 37. Be3 Bd8 38. a4 a6 39. Bd2 b5 40. axb5 axb5 41. Bf1 bxc4+ 42. bxc4 Bc7 43. Bc3 Ke7 44. Be1 Kd6 45. Bc3 Bd8 46. Bd2 Be7 47. Bc1 Bc8 48. Bg2 Be6 49. Bf1 Bd7 50. Bg2 Ke6 51. Bd2 Bd6 52. Bf1 Kf6 53. Be1 Be7 54. Bc3 Ke6 55. Bd2 Bd8 56. Bg2 Ba4 57. Bf1 Bc7 58. Be2 f4 59. g4 Bd8 60. Be1 Kd6 61. Bf1 Bd1 62. Be2 Bb3 63. Bf1 Kc6 64. Be2 Ba4 65. Bf1 Kb6 66. Bc3 Bc7 67. Be2 Kc6 68. Be1 Kd6 69. Bf1 Ke7 70. Be2 Kf6 71. Bh4+ Kf7 72. Be1 Kg7 73. Bf1 Kh6 74. Bh4 hxg4 75. hxg4 g5 1/2-1/2

[Event "GER-ch 74th"]
[Site "Saarbruecken"]
[Date "2002.11.27"]
[Round "6"]
[White "Gisbrecht, Ewgeni"]
[Black "Kalinitschew, Sergey"]
[Result "1/2-1/2"]
[WhiteElo "2414"]
[BlackElo "2485"]
[PlyCount "27"]
[EventDate "2002.11.22"]
[EventType "swiss"]
[EventRounds "9"]
[EventCountry "GER"]
[SourceTitle "CBM 093"]
[Source "ChessBase"]
[SourceDate "2003.04.01"]
[SourceVersion "1"]
[SourceVersionDate "2003.04.01"]
[SourceQuality "1"]

1. Nf3 e6 2. c4 d5 3. b3 Be7 4. Bb2 Bf6 5. Bxf6 Nxf6 6. e3 0-0 7. Nc3 c5 8. d4 cxd4 9. Qxd4 Qa5 10. Qd2 dxc4 11. Bxc4 Rd8 12. Qb2 Nc6 13. 0-0 Bd7 14. Rfd1 1/2-1/2

[Event "GER-ch 74th"]
[Site "Saarbruecken"]
[Date "2002.11.26"]
[Round "5"]
[White "Graf, Alexander"]
[Black "Gisbrecht, Ewgeni"]
[Result "1-0"]
[WhiteElo "2635"]
[BlackElo "2414"]
[PlyCount "33"]
[EventDate "2002.11.22"]
[EventType "swiss"]
[EventRounds "9"]
[EventCountry "GER"]
[SourceTitle "CBM 093"]
[Source "ChessBase"]
[SourceDate "2003.04.01"]
[SourceVersion "1"]
[SourceVersionDate "2003.04.01"]
[SourceQuality "1"]

1. e4 c5 2. Nf3 Nf6 3. Nc3 Nc6 4. Bb5 Nd4 5. e5 Nxb5 6. Nxb5 Nd5 7. Ng5 h6 8. Nxf7 Kxf7 9. Qf3+ Nf6 10. exf6 exf6 11. Qd5+ Kg6 12. 0-0 Qb6 13. Qd3+ Kf7 14. Re1 Qc6 15. Nc3 c4 16. Qe4 Bc5 17. Qxc4+ 1-0

[Event "GER-ch 74th"]
[Site "Saarbruecken"]
[Date "2002.11.22"]
[Round "1"]
[White "Riegler, Dieter"]
[Black "Gisbrecht, Ewgeni"]
[Result "0-1"]
[WhiteElo "2233"]
[BlackElo "2414"]
[PlyCount "62"]
[EventDate "2002.11.22"]
[EventType "swiss"]
[EventRounds "9"]
[EventCountry "GER"]
[SourceTitle "CBM 093"]
[Source "ChessBase"]
[SourceDate "2003.04.01"]
[SourceVersion "1"]
[SourceVersionDate "2003.04.01"]
[SourceQuality "1"]

1. d4 d5 2. c4 c6 3. Nf3 Nf6 4. Qc2 dxc4 5. e4 b5 6. b3 cxb3 7. axb3 e6 8. Bd2 a5 9. Bd3 h6 10. 0-0 Be7 11. Re1 Bb7 12. Nc3 Na6 13. Qc1 Nb4 14. Bb1 Rc8 15. Qd1 c5 16. Nxb5 Ba6 17. Bxb4 cxb4 18. Bd3 Qb6 19. Qe2 Bb7 20. d5 exd5 21. exd5 Nxd5 22. Qe4 g6 23. Bc4 0-0 24. Bxd5 Bxd5 25. Qxd5 Rfd8 26. Qe4 Bf6 27. Rad1 Qxb5 28. Qf4 Kg7 29. g3 Rd5 30. Rxd5 Qxd5 31. Rc1 Rxc1+ 0-1

[Event "BL2-Nord 0203"]
[Site "Germany"]
[Date "2002.11.17"]
[Round "2.6"]
[White "Pajeken, Wolfgang"]
[Black "Gisbrecht, Ewgeni"]
[Result "0-1"]
[WhiteElo "2326"]
[BlackElo "2414"]
[PlyCount "140"]
[EventDate "2002.10.20"]
[EventType "team-tourn"]
[EventRounds "9"]
[EventCountry "GER"]
[SourceTitle "EXT 2004"]
[Source "ChessBase"]
[SourceDate "2003.11.25"]
[SourceVersion "1"]
[SourceVersionDate "2003.11.25"]
[SourceQuality "1"]
[WhiteTeam "Hamburger SK II"]
[BlackTeam "Bremer SG"]
[WhiteTeamCountry "GER"]
[BlackTeamCountry "GER"]

1. d4 d5 2. c4 c6 3. Nf3 Nf6 4. e3 Bf5 5. Nc3 e6 6. Be2 h6 7. 0-0 Nbd7 8. Bd2 Bd6 9. Qb3 Rb8 10. Rac1 0-0 11. Rfd1 Qe7 12. a3 Rfd8 13. Be1 Bg4 14. cxd5 exd5 15. Na4 Ne4 16. Bb4 Ng5 17. Bxd6 Qxd6 18. Qd3 Bxf3 19. Bxf3 Nxf3+ 20. gxf3 Qf6 21. Qe2 Re8 22. Nc5 Nxc5 23. Rxc5 Re6 24. Kh1 Rbe8 25. b4 a6 26. a4 Qh4 27. b5 axb5 28. axb5 Rg6 29. Rdc1 Rg5 30. Rg1 Rxg1+ 31. Kxg1 Re6 32. bxc6 bxc6 33. Rc1 Qh5 34. Re1 Rg6+ 35. Kh1 Qg5 36. Qf1 Qf5 37. Qe2 Rf6 38. f4 Qe4+ 39. f3 Qf5 40. Rg1 Re6 41. Qg2 g6 42. Qd2 Qh3 43. Qf2 Re8 44. Re1 Kg7 45. Qg2 Qf5 46. Qd2 g5 47. Rg1 Kh7 48. Rg4 Rb8 49. Rg1 Rb3 50. e4 dxe4 51. fxe4 Qxe4+ 52. Qg2 Qxg2+ 53. Kxg2 g4 54. Rc1 Rf3 55. Rxc6 Rxf4 56. Rc4 Kg6 57. h3 h5 58. hxg4 hxg4 59. Kg3 Kg5 60. Rc7 Rf3+ 61. Kg2 f5 62. d5 Rd3 63. Rd7 Kf4 64. Rd8 Rd2+ 65. Kf1 Kf3 66. Ke1 Rd4 67. d6 g3 68. d7 g2 69. Rg8 Rxd7 70. Rd8 g1Q# 0-1

[Event "BL2-Nord 0102"]
[Site "Germany"]
[Date "2001.11.11"]
[Round "2.4"]
[White "Heinemann, Ernst"]
[Black "Gisbrecht, Ewgeni"]
[Result "1/2-1/2"]
[WhiteElo "2217"]
[BlackElo "2433"]
[PlyCount "88"]
[EventDate "2001.10.07"]
[EventType "team-tourn"]
[EventRounds "9"]
[EventCountry "GER"]
[SourceTitle "CBM 088 Extra"]
[Source "ChessBase"]
[SourceDate "2002.07.01"]
[SourceVersion "2"]
[SourceVersionDate "2002.07.01"]
[SourceQuality "1"]
[WhiteTeam "Oldenburg Union"]
[BlackTeam "Bremer SG"]
[WhiteTeamCountry "GER"]
[BlackTeamCountry "GER"]

1. e4 c5 2. Nf3 Nf6 3. e5 Nd5 4. d4 cxd4 5. Qxd4 e6 6. Bc4 Nc6 7. Qe4 d6 8. 0-0 Nb6 9. Bb3 dxe5 10. Nxe5 Qd4 11. Qxd4 Nxd4 12. Rd1 Ne2+ 13. Kf1 Nxc1 14. Rxc1 Bd6 15. Nc4 Nxc4 16. Bxc4 Bd7 17. h3 Ke7 18. Nd2 Rac8 19. Bd3 Bc6 20. Re1 Rhd8 21. Re2 h6 22. Nc4 Bb8 23. a4 Rd4 24. b3 Bc7 25. Rae1 a6 26. Be4 Bxe4 27. Rxe4 Rcd8 28. Rxd4 Rxd4 29. Ke2 Rd5 30. Ne3 Re5 31. Rd1 Bb6 32. Rd3 h5 33. g4 hxg4 34. hxg4 f5 35. gxf5 Bxe3 36. Rxe3 Rxe3+ 37. Kxe3 exf5 38. f4 Kf6 39. a5 g5 40. fxg5+ Kxg5 41. Kf3 f4 42. c4 Kf5 43. b4 Ke5 44. b5 Kd4 1/2-1/2

[Event "BL2-Nord 0001"]
[Site "Germany"]
[Date "2001.04.01"]
[Round "8.5"]
[White "Junge, Kai"]
[Black "Gisbrecht, Ewgeni"]
[Result "1/2-1/2"]
[WhiteElo "2252"]
[BlackElo "2434"]
[PlyCount "39"]
[EventDate "2000.10.15"]
[EventType "team-tourn"]
[EventRounds "9"]
[EventCountry "GER"]
[SourceTitle "CBM 082 Extra"]
[Source "ChessBase"]
[SourceDate "2001.07.03"]
[SourceVersion "1"]
[SourceVersionDate "2001.07.03"]
[SourceQuality "1"]
[WhiteTeam "Preetz"]
[BlackTeam "Bremer SG"]
[WhiteTeamCountry "GER"]
[BlackTeamCountry "GER"]

1. Nf3 d5 2. g3 Nf6 3. Bg2 c6 4. 0-0 Bf5 5. d3 Nbd7 6. Nbd2 e5 7. Nh4 Be6 8. e4 Be7 9. Kh1 0-0 10. Qe2 Re8 11. Ndf3 h6 12. Ng1 Qb6 13. Bh3 Bxh3 14. Nxh3 dxe4 15. dxe4 Qb5 16. Re1 Qxe2 17. Rxe2 Rad8 18. f3 Bc5 19. Nf5 Nf8 20. Be3 1/2-1/2

[Event "Bundesliga 9900"]
[Site "Germany"]
[Date "2000.04.08"]
[Round "14.6"]
[White "Gisbrecht, Ewgeni"]
[Black "Renner, Christoph"]
[Result "1-0"]
[WhiteElo "2422"]
[BlackElo "2448"]
[PlyCount "83"]
[EventDate "1999.10.09"]
[EventType "team-tourn"]
[EventRounds "15"]
[EventCountry "GER"]
[SourceTitle "CBM 076"]
[Source "ChessBase"]
[SourceDate "2000.05.31"]
[SourceVersion "1"]
[SourceVersionDate "2000.05.31"]
[SourceQuality "1"]
[WhiteTeam "Delmenhorst"]
[BlackTeam "Passau"]
[WhiteTeamCountry "GER"]
[BlackTeamCountry "GER"]

1. Nf3 d6 2. d4 f5 3. c4 g6 4. Nc3 Nf6 5. g3 Bg7 6. Bg2 0-0 7. 0-0 c6 8. d5 e5 9. dxe6 Bxe6 10. Qd3 Re8 11. b3 Ne4 12. Bb2 Na6 13. Qc2 d5 14. Nxe4 dxe4 15. Rfd1 Nb4 16. Qc1 Qxd1+ 17. Qxd1 Bxb2 18. Rb1 Rad8 19. Qe1 Nc2 20. Qa5 exf3 21. Bxf3 Bf6 22. e3 Rd7 23. Rc1 Na1 24. Qe1 Red8 25. Rxa1 Bxa1 26. Qxa1 Rd2 27. h4 h5 28. Qf6 Bf7 29. Bd5 R8xd5 30. cxd5 Rd1+ 31. Kh2 Rxd5 32. Qc3 Rd1 33. Kg2 Bd5+ 34. f3 Kf7 35. Qb4 b6 36. e4 fxe4 37. fxe4 c5 38. Qa4 Bb7 39. Qxa7 Rd7 40. Kf2 Re7 41. Qxb6 Bxe4 42. Qxc5 1-0

[Event "Bundesliga 9900"]
[Site "Germany"]
[Date "2000.03.13"]
[Round "13.4"]
[White "Gisbrecht, Ewgeni"]
[Black "Huebner, Robert"]
[Result "1/2-1/2"]
[WhiteElo "2422"]
[BlackElo "2620"]
[PlyCount "43"]
[EventDate "1999.10.09"]
[EventType "team-tourn"]
[EventRounds "15"]
[EventCountry "GER"]
[SourceTitle "CBM 076"]
[Source "ChessBase"]
[SourceDate "2000.05.31"]
[SourceVersion "1"]
[SourceVersionDate "2000.05.31"]
[SourceQuality "1"]
[WhiteTeam "Delmenhorst"]
[BlackTeam "Solingen"]
[WhiteTeamCountry "GER"]
[BlackTeamCountry "GER"]

1. Nf3 Nf6 2. c4 e6 3. g3 d5 4. Bg2 dxc4 5. Qa4+ Nbd7 6. 0-0 a6 7. Qxc4 c5 8. b3 b6 9. Bb2 Bb7 10. d3 Be7 11. Nbd2 0-0 12. Rac1 Rc8 13. Qc2 Qc7 14. d4 Qb8 15. dxc5 Rxc5 16. Qb1 Rfc8 17. Rxc5 Bxc5 18. Ng5 Bxg2 19. Kxg2 Qb7+ 20. Kg1 h6 21. Nge4 Be7 22. Rc1 1/2-1/2